000 00877nam0a22002531 4500
001 rc\4910398
005 20250613035333.0
021 _aRU
_b[65-17392]
035 _a(NLR Aleph) 008934744
090 _a8907626
_c8907626
100 _a20130426d1965 |||y0rusy50 ca
101 0 _arus
102 _aRU
105 _ay z |||||
200 1 _aВ гуще народной
_e[О работе Гуляй-Борисовского сельсовета
210 _aРостов-на-Дону
_cКн. изд-во
_d1965]
215 _a23 с.
_d17
606 _aСоветы депутатов трудящихся, сельские
_yРостовская область
_2psbo
700 1 _aФилипповский
_bК.В.
_gКонстантин Васильевич
801 0 _aRU
_bNLR
_gpsbo
801 1 _aRU
_bELAR
_2rusmarc
852 _aNLR
_j65-2/528
942 _cBOOK
980 _aNB